Multiplication and Division in 2 minutes - Statistics

General Stats
  • This quiz has been taken 32 times
    26 since last reset
  • The average score is 25 of 32
Answer Stats
Hint Answer % Correct
36÷12 3
100%
36÷9 4
100%
32÷4 8
100%
54÷6 9
100%
13×4 52
95%
45x20 900
95%
9×3 27
89%
64×9 576
89%
42÷7 6
89%
28÷14 2
84%
42÷6 7
84%
64÷8 8
84%
63÷7 9
84%
14×8 112
79%
13÷1 13
79%
38÷19 2
79%
57÷19 3
79%
96÷16 6
79%
15x55 825
79%
36×3 108
74%
16×7 112
74%
84÷7 12
74%
12×10 120
74%
24×7 168
74%
32÷16 2
74%
52÷13 4
74%
13×8 104
68%
16×12 192
63%
19×36 684
63%
64÷16 4
58%
76÷19 4
58%
56÷14 4
53%
No matching quizzes found
Score Distribution
Percent of People with Each Score
Percentile by Number Answered
Your Score History
You have not taken this quiz since the last reset